UM Logo

Educational research in the twenty-first century : (Record no. 21634)

MARC details
000 -LEADER
fixed length control field 01030nam a22002297a 4500
003 - CONTROL NUMBER IDENTIFIER
control field OSt
005 - DATE AND TIME OF LATEST TRANSACTION
control field 20250218152739.0
008 - FIXED-LENGTH DATA ELEMENTS--GENERAL INFORMATION
fixed length control field 240914b ||||| |||| 00| 0 eng d
040 ## - CATALOGING SOURCE
Transcribing agency 0
082 ## - DEWEY DECIMAL CLASSIFICATION NUMBER
Classification number DPer 372.05 EL269 2021 v. 122 n. 1-4
100 ## - MAIN ENTRY--PERSONAL NAME
Personal name Knate, Kaitlin Torphy.
Relator term author.
9 (RLIN) 61065
245 ## - TITLE STATEMENT
Title Educational research in the twenty-first century :
Remainder of title leveraging big data to explore teacher's professional behavior and educational resources accessed within pinterest /
Statement of responsibility, etc. Kaitlin Torphy Knate, Hamid Karimi, Shihua Hu, Kenneth A. Frank, Jiliang Tang.
260 ## - PUBLICATION, DISTRIBUTION, ETC. (IMPRINT)
Place of publication, distribution, etc. USA ;
Name of publisher, distributor, etc. Univirsity of Chicago Press,
Date of publication, distribution, etc. September 2021.
300 ## - PHYSICAL DESCRIPTION
Extent volume 122, pages 86-111,
Other physical details illustration.
500 ## - GENERAL NOTE
General note The Elementary School Journal, v. 122, n. 1, pages 86-111, September 2021
700 ## - ADDED ENTRY--PERSONAL NAME
Personal name Knate, Kaitlin Torphy.
Relator term author.
9 (RLIN) 61065
700 ## - ADDED ENTRY--PERSONAL NAME
Personal name Karimi, Hamid.
Relator term author.
9 (RLIN) 61066
700 ## - ADDED ENTRY--PERSONAL NAME
Personal name Hu, Shihua.
Relator term author.
9 (RLIN) 61067
700 ## - ADDED ENTRY--PERSONAL NAME
Personal name Frank, Kenneth A.
Relator term author.
9 (RLIN) 61068
700 ## - ADDED ENTRY--PERSONAL NAME
Personal name Tang, Jiliang.
Relator term author.
9 (RLIN) 61069
942 ## - ADDED ENTRY ELEMENTS (KOHA)
Source of classification or shelving scheme Dewey Decimal Classification
Koha item type Periodicals
Holdings
Withdrawn status Lost status Source of classification or shelving scheme Damaged status Not for loan Collection code Home library Current library Date acquired Total Checkouts Date last seen Price effective from Koha item type Public note
    Dewey Decimal Classification     Periodicals UM Digos College - LIC UM Digos College - LIC 09/14/2024   09/14/2024 09/14/2024 Periodicals Periodical Article